<?xml version="1.0" encoding="UTF-8"?><marc:collection xmlns:marc="http://www.loc.gov/MARC21/slim">
  <marc:record>
    <marc:leader>00000nam##2200000za#4500</marc:leader>
    <marc:controlfield tag="001">9.590964</marc:controlfield>
    <marc:controlfield tag="003">CaOODSP</marc:controlfield>
    <marc:controlfield tag="005">20240911080547</marc:controlfield>
    <marc:controlfield tag="007">cr |||||||||||</marc:controlfield>
    <marc:controlfield tag="008">150406|2001||||xxc|||||o    f|0| 0 fre|d</marc:controlfield>
    <marc:datafield tag="020" ind1=" " ind2=" ">
      <marc:subfield code="a">0-662-86301-1</marc:subfield>
    </marc:datafield>
    <marc:datafield tag="040" ind1=" " ind2=" ">
      <marc:subfield code="a">CaOODSP</marc:subfield>
      <marc:subfield code="b">fre</marc:subfield>
    </marc:datafield>
    <marc:datafield tag="043" ind1=" " ind2=" ">
      <marc:subfield code="a">n-cn---</marc:subfield>
    </marc:datafield>
    <marc:datafield tag="086" ind1="1" ind2=" ">
      <marc:subfield code="a">H113-8/2001-2F-IN</marc:subfield>
    </marc:datafield>
    <marc:datafield tag="110" ind1="1" ind2=" ">
      <marc:subfield code="a">Canada.</marc:subfield>
      <marc:subfield code="b">Santé Canada. </marc:subfield>
      <marc:subfield code="b">Agence de réglementation de la lutte antiparasitaire.</marc:subfield>
    </marc:datafield>
    <marc:datafield tag="245" ind1="1" ind2="0">
      <marc:subfield code="a">Harmonisation des exigences en matière de données sur les caractéristiques chimiques et le devenir des pesticides dans l'environnement en vertu de l'ALENA </marc:subfield>
      <marc:subfield code="h">[ressource électronique]</marc:subfield>
    </marc:datafield>
    <marc:datafield tag="260" ind1=" " ind2=" ">
      <marc:subfield code="a">Ottawa - Ontario : </marc:subfield>
      <marc:subfield code="b">Santé Canada. </marc:subfield>
      <marc:subfield code="c">Le 5 octobre 2001.</marc:subfield>
    </marc:datafield>
    <marc:datafield tag="300" ind1=" " ind2=" ">
      <marc:subfield code="a">9p.</marc:subfield>
      <marc:subfield code="b">références, tableaux</marc:subfield>
    </marc:datafield>
    <marc:datafield tag="490" ind1="1" ind2=" ">
      <marc:subfield code="a">Projet de directive </marc:subfield>
      <marc:subfield code="v">PRO 2001-02</marc:subfield>
    </marc:datafield>
    <marc:datafield tag="500" ind1=" " ind2=" ">
      <marc:subfield code="a">L'ISBN (0-662-8630-1) copié dans cette édition PDF est incorrect.</marc:subfield>
    </marc:datafield>
    <marc:datafield tag="590" ind1=" " ind2=" ">
      <marc:subfield code="a">12-01-Supp</marc:subfield>
      <marc:subfield code="b">2012-01-13</marc:subfield>
    </marc:datafield>
    <marc:datafield tag="775" ind1="0" ind2="8">
      <marc:subfield code="t">Harmonization of environmental chemistry and fate data requirements under NAFTA </marc:subfield>
      <marc:subfield code="w">(CaOODSP)9.557964</marc:subfield>
    </marc:datafield>
    <marc:datafield tag="776" ind1="0" ind2="#">
      <marc:subfield code="t">Harmonisation des exigences en matière de données sur les caractéristiques chimiques et le devenir des pesticides dans l'environnement en vertu de l'ALENA </marc:subfield>
      <marc:subfield code="w">(CaOODSP)9.625808</marc:subfield>
    </marc:datafield>
    <marc:datafield tag="830" ind1="#" ind2="0">
      <marc:subfield code="a">Projet de directive (Canada. Agence de réglementation de la lutte antiparasitaire)</marc:subfield>
      <marc:subfield code="v">PRO 2001-02</marc:subfield>
      <marc:subfield code="w">(CaOODSP)9.500881</marc:subfield>
    </marc:datafield>
    <marc:datafield tag="856" ind1="4" ind2="0">
      <marc:subfield code="a">http://publications.gc.ca</marc:subfield>
      <marc:subfield code="q">PDF</marc:subfield>
      <marc:subfield code="s">126 Ko</marc:subfield>
      <marc:subfield code="u">https://publications.gc.ca/collections/Collection/H113-8-2001-2F.pdf</marc:subfield>
      <marc:subfield code="y">PRO 2001-02</marc:subfield>
    </marc:datafield>
  </marc:record>
</marc:collection>
